| 000 | 00470nam a2200205Ia 4500 | ||
|---|---|---|---|
| 008 | 140626s9999 xx 000 0 und d | ||
| 100 | _aNachura, Celia. | ||
| 245 | 4 |
_aThe secret garden / _cCelia Nachura. |
|
| 260 | _cc2013. | ||
| 300 | _a5 : 7, page 34 | ||
| 440 | _aView | ||
| 521 | _aTOU | ||
| 650 | _aCintai corito. | ||
| 650 | _aGarden. | ||
| 650 | _aLandscaping. | ||
| 650 | _aPhilippines. | ||
| 650 | _aTourism. | ||
| 650 | _aTravel. | ||
| 942 | _cSE | ||
| 999 |
_c121115 _d121115 |
||